000 00561nam a2200217Ia 4500
003 OSt
005 20220918225020.0
006 a|||||r|||| 00| 0
007 ta
008 220917b |||||||| |||| 00| 0 eng d
024 _a236,152
037 _cTextual
040 _aARTS
_cARTS
_beng
041 _2eng
_aeng
082 _aV461, M6(RR)
245 0 _aGovernment and public services 1986
260 _aNorthampton
_bBeacon Publishing England
_c1986
650 _aHISTORY
942 _hV461, M6(RR)
_cTEXL
_2CC
999 _c283106
_d283106